000 00723nam a2200241Ia 4500
001 dia_4082
003 CHAP
005 20221028103339.0
008 220117s1978 xx 000 0 und d
010 _a174695
040 _cCHAP
090 _aFOLLETO 2407
100 _aInstituto de capacitación de la industria azucarera
_9155652
245 _aCentrifugas, cursos informativos para áreas de producción /
_c Instituto de capacitación de la industria azucarera
260 _aMéxico
_c1978
300 _a67 p.
500 _aS/c
650 _aCentrifugadoras
_9155653
901 _aFOLLETO 2407
902 _aM
905 _a0000001978 mx A 0000000000spa00
942 _cFOLL
_2local
999 _c174695
_d174695